000 00489nam a2200193Ia 4500
008 191130s2010##################000#0#eng##
020 _a9781616142056
022 _a2009039144
040 _aACL
_cACL
082 _a813.54 KEN
100 _aKenyon, Kay
245 _aPrince of storms
_cKay Kenyon
260 _aAmherst, NY
_bPyr
_c2010
300 _a389 p. ; 24 cm
650 _aEnglish Fiction
990 _a8701d9d6ac10000c5bbfec0ddcdb2239
991 _a325247
999 _c284011
_d284011